000 00252nam a2200097Ia 4500
001 1100657
005 20250827003243.0
008 250824s9999 xx 000 0 und d
245 0 _aAZERBEYCANDAN MASALLAR
_cR. SEYFİ YURDAKUL
260 _bMEB YAYINLARI
999 _c1100657
_d1100657